书目信息 |
| 题名: |
中国近代文学论文集
|
|
| 作者: | ;中国社会科学院文学研究所近代文学研究组 编 | |
| 分册: | ||
| 出版信息: | 北京 中国社会科学出版社 1982 |
|
| 页数: | 646页 | |
| 开本: | 19cm | |
| 丛书名: | 中国近代文学研究资料丛书 | |
| 单 册: | ||
| 中图分类: | I206.5 | |
| 科图分类: | ||
| 主题词: | 近代文学--文学评论--中国 , 近代文学--文学研究--中国 | |
| 电子资源: | ||
| ISBN: | ||
| 000 | 00969nam2 2200277 45 | |
| 001 | 0182004582 | |
| 005 | 20070729091705.11 | |
| 010 | @dCNY1.10 | |
| 091 | @a10190.036 | |
| 100 | @a19950609d1982 kmey0chiy0121 ea | |
| 101 | 0 | @achi |
| 102 | @aCN@b110000 | |
| 105 | @ay z 000yy | |
| 200 | 10 | @a中国近代文学论文集@Azhong guo jin dai wen xue lun wen ji@e1949-1979@e概论卷@EGai Lun Juan@f中国社会科学院文学研究所近代文学研究组编@FZhong Guo She Hui Ke Xue Yuan Wen Xue Yan Jiu Suo Jin Dai Wen Xue Yan Jiu Zu Bian |
| 210 | @a北京@c中国社会科学出版社@d1982 | |
| 215 | @a646页@d19cm | |
| 225 | 2 | @a中国近代文学研究资料丛书 |
| 410 | 0 | @120010@a中国近代文学研究资料丛书 |
| 517 | @a概论卷@AGai Lun Juan | |
| 606 | 0 | @a近代文学@x文学评论@y中国 |
| 606 | 0 | @a近代文学@x文学研究@y中国 |
| 690 | @aI206.5@v3 | |
| 711 | 02 | @a中国社会科学院文学研究所近代文学研究组@4编 |
| 801 | 2 | @aCN@bNLC@c20070729 |
| 801 | 0 | @aCN@b上海图书馆@c20040525 |
| 905 | @dI206.5@e1@b55984@f1 | |
| 中国近代文学论文集:1949-1979:概论卷/中国社会科学院文学研究所近代文学研究组编.-北京:中国社会科学出版社,1982 |
| 646页;19cm.-(中国近代文学研究资料丛书) |
| ISBN :CNY1.10 |
| ● |
| 相关链接 |
|
|
|
|
正题名:中国近代文学论文集
索取号:I206.5/1
 
预约/预借
| 序号 | 登录号 | 条形码 | 馆藏地/架位号 | 状态 | 备注 |
| 1 | 0004286 | 001740575 | 密集书库/ [索取号:I206.5/1] | 在馆 | |
| 2 | 0055984 | 002017025 | 第二借阅区/ [索取号:I206.5/1] | 在馆 | |
| 3 | 0055985 | 000050893 | 第二借阅区/ [索取号:I206.5/1] | 在馆 | |
| 4 | 0055986 | 000050900 | 第二借阅区/ [索取号:I206.5/1] | 在馆 | |
| 5 | 0079081 | 000050875 | 第一样本阅览室/ [索取号:I206.5/1] | 在馆 | |
| 6 | 0079082 | 000050884 | 第二借阅区/ [索取号:I206.5/1] | 在馆 | |
| 7 | 0079083 | 000050857 | 第二借阅区/ [索取号:I206.5/1] | 在馆 | |
| 8 | 0079084 | 000050866 | 第二借阅区/ [索取号:I206.5/1] | 在馆 | |
| 9 | 0079085 | 001819170 | 密集书库/ [索取号:I206.5/1] | 在馆 | |
| 10 | 0785655 | 207856550 | 密集书库/ [索取号:I206.5/1] | 在馆 |